[Event "European Hybrid Qual 2021"]
[Site "Tornelo INT"]
[Date "2021.05.27"]
[Round "2.3"]
[White "Yilmaz, Mustafa"]
[Black "Dragnev, Valentin"]
[Result "1-0"]
[WhiteTitle "GM"]
[BlackTitle "GM"]
[WhiteElo "2630"]
[BlackElo "2565"]
[WhiteFideId "6302718"]
[BlackFideId "1634852"]
[EventDate "2021.05.24"]
[EventType "k.o."]

1. c4 c6 2. Nf3 d5 3. e3 Nf6 4. Nc3 e6 5. d4 Nbd7 6. Qc2 Bd6 7. Be2 O-O 8. O-O
dxc4 9. Bxc4 b5 10. Be2 Bb7 11. Rd1 Qc7 12. Bd2 a6 13. b4 e5 14. a3 Rfe8 15. h3
h6 16. Bd3 exd4 17. exd4 a5 18. Rab1 axb4 19. axb4 Nb6 20. Rdc1 Qe7 21. Qb3 Nbd5
22. Re1 Qc7 23. Nxd5 Nxd5 24. Bc2 Bf4 25. Qd3 g6 26. Ne5 Bxd2 27. Qxd2 Kg7 28.
Bb3 Rad8 29. Bxd5 Rxd5 30. Ng4 Rxe1+ 31. Rxe1 g5 32. Qc3 Qf4 33. Re7 Bc8 34.
Qxc6 Qd6 35. Qe8 Be6 36. Ne5 Rxe5 37. dxe5 Qxb4 38. Rxe6 fxe6 39. Qd7+ Kf8 40.
Qd8+ Kg7 41. Qf6+ Kh7 42. Qf7+ Kh8 43. Qxe6 Qe1+ 44. Kh2 Qd2 45. Qxh6+ Kg8 46.
Qg6+ Kf8 47. Qf6+ Kg8 48. g3 b4 49. e6 Qd6 50. Qf7+ Kh8 51. e7 1-0

[Event "European Hybrid Qual 2021"]
[Site "Tornelo INT"]
[Date "2021.05.27"]
[Round "2.4"]
[White "Dragnev, Valentin"]
[Black "Yilmaz, Mustafa"]
[Result "0-1"]
[WhiteTitle "GM"]
[BlackTitle "GM"]
[WhiteElo "2565"]
[BlackElo "2630"]
[WhiteFideId "1634852"]
[BlackFideId "6302718"]
[EventDate "2021.05.24"]
[EventType "k.o."]

1. e4 c5 2. Nf3 d6 3. d4 cxd4 4. Nxd4 Nf6 5. Nc3 a6 6. a4 e5 7. Nf3 Be7 8. Bg5
Be6 9. Bxf6 Bxf6 10. Nd5 Nd7 11. Bc4 Rc8 12. Qe2 Nb6 13. Nxb6 Qxb6 14. Bxe6 fxe6
15. c3 O-O 16. O-O Qc6 17. Rfd1 Rfe8 18. Rd3 d5 19. Nd2 Bg5 20. Qh5 dxe4 21. Rh3
Bxd2 22. Qxh7+ Kf7 23. Rg3 Bh6 24. Re1 Rcd8 25. h4 Rh8 26. Qg6+ Ke7 27. Rg4 e3
28. fxe3 Rhf8 29. Re2 Rd1+ 30. Kh2 Qd5 31. Re4 Rff1 32. c4 Qd3 33. Qg4 Rh1+ 34.
Kg3 Bf4+ 35. Rxf4 exf4+ 36. Qxf4 Qxe2 37. Qc7+ Rd7 38. Qc5+ Kf7 39. Qh5+ Qxh5 0-1

[Event "European Hybrid Qual 2021"]
[Site "Tornelo INT"]
[Date "2021.05.26"]
[Round "2.1"]
[White "Parkhov, Yair"]
[Black "Banusz, Tamas"]
[Result "1/2-1/2"]
[WhiteTitle "IM"]
[BlackTitle "GM"]
[WhiteElo "2424"]
[BlackElo "2631"]
[WhiteFideId "2813408"]
[BlackFideId "722413"]
[EventDate "2021.05.24"]
[EventType "k.o."]

1. e4 e5 2. Nf3 Nc6 3. Bb5 a6 4. Ba4 Nf6 5. O-O Nxe4 6. d4 Be7 7. Re1 b5 8. Rxe4
d5 9. Nxe5 Nxe5 10. Rxe5 bxa4 11. Qe2 Be6 12. f4 Kf8 13. f5 Bd7 14. Nc3 f6 15.
Re3 Bxf5 16. Bd2 c6 17. Rf1 Bg6 18. Qg4 Qc8 19. Qf3 Bd6 20. Be1 Qc7 21. Bh4 Re8
22. Rxe8+ Kxe8 23. Re1+ Kd7 24. Bg3 Bxg3 25. hxg3 Re8 26. Rxe8 Kxe8 27. Qe3+ Kf7
28. Nxa4 Bxc2 29. Nc5 Bf5 30. Qf3 Kg6 31. Qe3 a5 32. Qe8+ Kh6 33. Kh2 Kg5 34.
Qe3+ Kg6 35. Qe8+ Kg5 36. Qe3+ Kg6 37. Qe8+ Kg5 1/2-1/2

[Event "European Hybrid Qual 2021"]
[Site "Tornelo INT"]
[Date "2021.05.27"]
[Round "2.2"]
[White "Banusz, Tamas"]
[Black "Parkhov, Yair"]
[Result "1-0"]
[WhiteTitle "GM"]
[BlackTitle "IM"]
[WhiteElo "2631"]
[BlackElo "2424"]
[WhiteFideId "722413"]
[BlackFideId "2813408"]
[EventDate "2021.05.24"]
[EventType "k.o."]

1. Nf3 d5 2. g3 g6 3. c4 dxc4 4. Na3 Nc6 5. Nxc4 Bg7 6. d3 e5 7. Bd2 Nge7 8. h4
h6 9. Bc3 f6 10. Qb3 a5 11. a4 Be6 12. Bh3 Bxh3 13. Rxh3 Qc8 14. Rh1 h5 15. d4
exd4 16. Nxd4 Nxd4 17. Bxd4 Nc6 18. Bc3 Qe6 19. O-O-O b6 20. Nd6+ Ke7 21. Qxe6+
Kxe6 22. Nb5 Rac8 23. e4 Rhd8 24. f4 Rxd1+ 25. Rxd1 Bh6 26. Kd2 f5 27. Ke3 Bf8
28. b3 Bc5+ 29. Kf3 fxe4+ 30. Kxe4 Bd6 31. Rd5 Ne7 32. Rg5 Kf7 33. Nd4 c5 34.
Nb5 Nf5 35. g4 hxg4 36. Rxg4 Bf8 37. Rg1 Nxh4 38. Rh1 Nf5 39. Rh7+ Kg8 40. Rb7
c4 41. Rxb6 cxb3 42. Rxg6+ Ng7 43. Kd3 Rc5 44. Nd4 Kf7 45. Rb6 Nh5 46. Bd2 Rd5
47. Kc4 Rd7 48. Rxb3 Bg7 49. Nf3 Rc7+ 50. Kb5 Rb7+ 51. Kc4 Rc7+ 52. Kd3 Rd7+ 53.
Ke3 Re7+ 54. Kf2 Nf6 55. Ne5+ Kg8 56. Kf3 Nd7 57. Nxd7 Rxd7 58. Bxa5 Rd4 59. Rb4
Rd1 60. Rc4 Kf7 61. Ke4 Bh6 62. Bb4 Ra1 63. a5 Ra4 64. Kd5 Ke8 65. Kc6 Kf7 66.
Kb5 Ra2 67. a6 1-0

[Event "European Hybrid Qual 2021"]
[Site "Tornelo INT"]
[Date "2021.05.27"]
[Round "2.2"]
[White "Can, Emre"]
[Black "Chigaev, Maksim"]
[Result "1/2-1/2"]
[WhiteTitle "GM"]
[BlackTitle "GM"]
[WhiteElo "2569"]
[BlackElo "2631"]
[WhiteFideId "6302181"]
[BlackFideId "4108116"]
[EventDate "2021.05.24"]
[EventType "k.o."]

1. d4 g6 2. c4 Bg7 3. e4 d6 4. Nc3 c5 5. d5 Bxc3+ 6. bxc3 Qa5 7. Qb3 Nd7 8. Nf3
Nb6 9. Bf4 f6 10. Bd3 g5 11. Bd2 e5 12. a4 Bd7 13. O-O Ne7 14. Rfb1 Rb8 15. Qd1
Nbc8 16. h4 h6 17. Nh2 Ng6 18. h5 Nf8 19. g3 Kf7 20. Qe2 Nh7 21. Rf1 Ne7 22. Kh1
Rbg8 23. Rfb1 Qc7 24. g4 Ra8 25. Nf1 Rhb8 26. Ne3 Qa5 27. f3 Nf8 28. Kg2 Be8 29.
Be1 Nd7 30. Qd1 a6 31. Qb3 Ra7 32. Ra2 Kg7 33. Bd2 Qc7 34. Rab2 Bf7 35. Qd1 b6
36. Be1 Rab7 37. Bd2 Be8 38. Be1 Nf8 39. Bd2 Bd7 40. Kg3 Kh7 41. Bc1 Qd8 42. Bd2
Kg8 43. Kg2 Qe8 44. Bc2 Kh7 45. Kg3 Nc8 46. Kg2 Na7 47. Kg3 Qd8 48. Bd3 Ra8 49.
Bc2 Nc8 50. Ra1 Rba7 51. Rba2 Qc7 52. Bd3 Rb8 53. Rb2 Kh8 54. Kh3 Rab7 55. Rab1
Qd8 56. Kg3 Kg8 57. Bc2 Na7 58. Bd3 Nh7 59. Bc2 Qe8 60. Kg2 Kf8 61. Be1 Nc8 62.
Bd2 Ne7 63. Be1 Kg7 64. Bd2 f5 65. exf5 Nf6 66. Be1 Nc8 67. Bg3 Na7 68. Ra1 b5
69. axb5 axb5 70. Rba2 Nc8 71. cxb5 Bxb5 72. c4 Bd7 73. Qd3 Qd8 74. Qc3 Rb4 75.
Ra6 R8b6 76. Be1 Qc7 77. Qa3 Rxa6 78. Qxa6 Rb7 79. Qa3 Kf7 80. Bc3 Ra7 81. Qb2
Nb6 82. Rxa7 Qxa7 83. Qa1 Ba4 84. Bd3 Ne8 85. Nf1 Qa6 86. Nd2 Nf6 87. Qb1 Bd7
88. Qa1 Na4 89. Bc2 Ke7 90. Bxa4 Bxa4 91. Kf2 Kd7 92. Qa2 Ke7 93. Qa1 Nd7 94.
Qb1 Nf6 95. Qa1 1/2-1/2

[Event "European Hybrid Qual 2021"]
[Site "Tornelo INT"]
[Date "2021.05.28"]
[Round "3.1"]
[White "Studer, Noel"]
[Black "Artemiev, Vladislav"]
[Result "1/2-1/2"]
[WhiteTitle "GM"]
[BlackTitle "GM"]
[WhiteElo "2584"]
[BlackElo "2709"]
[WhiteFideId "1319620"]
[BlackFideId "24101605"]
[EventDate "2021.05.24"]
[EventType "k.o."]

1. d4 d5 2. c4 e6 3. Nc3 h6 4. Nf3 Nf6 5. g3 Bd6 6. Bg2 O-O 7. O-O Nc6 8. a3
dxc4 9. Qa4 e5 10. d5 Ne7 11. Nd2 Bd7 12. Qxc4 c6 13. dxc6 Nxc6 14. Nde4 Nxe4
15. Bxe4 Be6 16. Bd5 Bxd5 17. Qxd5 Qe7 18. Be3 Rfd8 19. Qe4 Qe6 20. Rfd1 Bf8 21.
Qa4 f5 22. Rxd8 Rxd8 23. Rd1 Rxd1+ 24. Qxd1 a6 25. f3 Be7 26. Kg2 e4 27. Nd5
exf3+ 28. exf3 1/2-1/2

[Event "European Hybrid Qual 2021"]
[Site "Tornelo INT"]
[Date "2021.05.29"]
[Round "3.2"]
[White "Artemiev, Vladislav"]
[Black "Studer, Noel"]
[Result "1-0"]
[WhiteTitle "GM"]
[BlackTitle "GM"]
[WhiteElo "2709"]
[BlackElo "2584"]
[WhiteFideId "24101605"]
[BlackFideId "1319620"]
[EventDate "2021.05.24"]
[EventType "k.o."]

1. c4 e5 2. d3 Nf6 3. Nf3 Nc6 4. g3 d5 5. cxd5 Nxd5 6. Nc3 Bc5 7. Bg2 O-O 8. O-O
h6 9. Nxd5 Qxd5 10. Nd2 Qd8 11. b3 Bg4 12. h3 Be6 13. Bb2 Qd7 14. Kh2 Rfe8 15.
Rc1 Bd4 16. Bxd4 exd4 17. Ne4 Nd8 18. Nc5 Qb5 19. Qd2 Rc8 20. Rc2 Re7 21. a4 Qb6
22. b4 c6 23. a5 Qb5 24. Ne4 Rcc7 25. Rc5 Qa6 26. Rh5 f5 27. Nd6 Bf7 28. Rxf5
Bg6 29. Rf4 c5 30. Nf5 Re5 31. Nh4 Bf7 32. Nf3 Rd5 33. Rg4 Qf6 34. Qb2 Ne6 35.
Nd2 Rh5 36. Ne4 Qf5 37. Kg1 cxb4 38. a6 bxa6 39. Qxb4 Qb5 40. Qa3 Qa5 41. Ra1
Qxa3 42. Rxa3 Rb5 43. Rxa6 h5 44. Rh4 g5 45. Rxh5 Bxh5 46. Rxe6 a5 47. g4 Bf7
48. Ra6 Re5 49. h4 gxh4 50. f4 Rb5 51. Nd6 Rb2 52. Ra8+ Kh7 53. Bf3 Ra2 54. Kf2
Bb3 55. Be4+ Kg7 56. Ne8+ Kf7 57. Nxc7 a4 58. Ra7 h3 59. Nb5+ Ke8 60. Nxd4 1-0

[Event "European Hybrid Qual 2021"]
[Site "Tornelo INT"]
[Date "2021.05.28"]
[Round "3.1"]
[White "Gajewski, Grzegorz"]
[Black "Tomashevsky, Evgeny"]
[Result "1/2-1/2"]
[WhiteTitle "GM"]
[BlackTitle "GM"]
[WhiteElo "2596"]
[BlackElo "2706"]
[WhiteFideId "1116207"]
[BlackFideId "4147235"]
[EventDate "2021.05.24"]
[EventType "k.o."]

1. d4 Nf6 2. c4 e6 3. Nf3 b6 4. g3 Bb7 5. Bg2 Bb4+ 6. Bd2 Bxd2+ 7. Qxd2 d6 8.
Nc3 O-O 9. Qc2 Nbd7 10. O-O c5 11. Rad1 Qe7 12. e4 cxd4 13. Nxd4 a6 14. f4 Rab8
15. Qe2 Rfc8 16. g4 Nf8 17. g5 Ne8 18. h4 Qc7 19. f5 Qxc4 20. fxe6 Nxe6 21. Qxc4
Rxc4 22. Nxe6 fxe6 23. Bh3 Nc7 24. Rxd6 Rf8 25. Rxb6 Bxe4 26. Rxe6 Bd3 27. Rxf8+
Kxf8 28. Rd6 Bg6 29. Kg2 Rxh4 30. Kg3 Rc4 31. Rd8+ Ke7 32. Rd7+ Kf8 33. a4 Be8
34. Rd8 Ke7 35. Rc8 Kd6 36. a5 Bc6 37. Rb8 Rc5 38. Rb6 Rxg5+ 39. Kf2 Rg6 40. Bf5
Rh6 41. Be4 Kd7 42. Bf5+ Kd6 43. Be4 Kd7 44. Bf5+ Kd6 1/2-1/2

[Event "European Hybrid Qual 2021"]
[Site "Tornelo INT"]
[Date "2021.05.29"]
[Round "3.2"]
[White "Tomashevsky, Evgeny"]
[Black "Gajewski, Grzegorz"]
[Result "1/2-1/2"]
[WhiteTitle "GM"]
[BlackTitle "GM"]
[WhiteElo "2706"]
[BlackElo "2596"]
[WhiteFideId "4147235"]
[BlackFideId "1116207"]
[EventDate "2021.05.24"]
[EventType "k.o."]

1. d4 Nf6 2. Nf3 d5 3. Bf4 e6 4. e3 c5 5. Nbd2 Qb6 6. Rb1 Bd6 7. Bg3 Bxg3 8.
hxg3 Bd7 9. dxc5 Qxc5 10. c4 Nc6 11. a3 dxc4 12. Nxc4 O-O 13. b4 Qd5 14. Qc2 b5
15. Bd3 h6 16. e4 Nd4 17. exd5 Nxc2+ 18. Bxc2 bxc4 19. dxe6 Bxe6 20. Nd4 Bd5 21.
f3 Rfd8 22. Rd1 c3 23. Kf2 a5 24. b5 a4 25. Rhe1 Bc4 26. b6 Rd6 27. b7 Rb8 28.
Ne2 Rd2 29. Rxd2 cxd2 30. Rd1 Bb3 31. Rxd2 Bxc2 32. Rxc2 Rxb7 33. Rc4 Rb2 34.
Rxa4 Nd5 35. Rc4 Ra2 36. Rc5 Nb6 37. Rc3 g5 38. Kf1 Ra1+ 39. Rc1 Rxa3 40. Rc6
Nd5 41. Rxh6 f6 42. Nd4 Ra1+ 43. Ke2 Kg7 44. Nf5+ Kf7 45. Kf2 Ra2+ 46. Kg1 Ke6
47. g4 Nf4 48. Rh7 Rxg2+ 49. Kf1 1/2-1/2

[Event "European Hybrid Qual 2021"]
[Site "Tornelo INT"]
[Date "2021.05.29"]
[Round "3.3"]
[White "Tomashevsky, Evgeny"]
[Black "Gajewski, Grzegorz"]
[Result "1/2-1/2"]
[WhiteTitle "GM"]
[BlackTitle "GM"]
[WhiteElo "2706"]
[BlackElo "2596"]
[WhiteFideId "4147235"]
[BlackFideId "1116207"]
[EventDate "2021.05.24"]
[EventType "k.o."]

1. d4 Nf6 2. Nf3 d5 3. Bf4 c5 4. e3 Nc6 5. Nbd2 Nh5 6. Be5 e6 7. c3 f6 8. Bg3
Qb6 9. Qc2 Bd7 10. a3 g6 11. dxc5 Bxc5 12. b4 Be7 13. c4 O-O 14. Be2 Nxg3 15.
hxg3 a5 16. b5 Ne5 17. cxd5 exd5 18. O-O Rac8 19. Qb2 Nc4 20. Nxc4 dxc4 21. Nd4
Bc5 22. Bxc4+ Kg7 23. Rfc1 Bxd4 24. Qxd4 Qxd4 25. exd4 Rc7 26. b6 Rc6 27. Bd5
Rxb6 28. Rc7 Rd6 29. Bb3 Rb8 30. Be6 Rd8 31. d5 b6 32. Re1 Kh6 33. Re3 Bxe6 34.
dxe6 Re8 35. e7 Kg7 36. g4 Kf7 37. Rh3 Kg7 38. Re3 h6 39. f3 Kf7 40. Kf2 b5 41.
Rb7 b4 42. axb4 axb4 43. Kg3 b3 44. Rexb3 Rxe7 45. Rb8 Rde6 46. Rh8 Kg7 47. Rbb8
g5 48. Rbg8+ Kf7 49. Ra8 Kg7 50. Rhb8 Kf7 51. Rc8 Re8 52. Ra7+ R6e7 53. Rxe7+
Rxe7 54. Rc4 1/2-1/2

[Event "European Hybrid Qual 2021"]
[Site "Tornelo INT"]
[Date "2021.05.29"]
[Round "3.4"]
[White "Gajewski, Grzegorz"]
[Black "Tomashevsky, Evgeny"]
[Result "0-1"]
[WhiteTitle "GM"]
[BlackTitle "GM"]
[WhiteElo "2596"]
[BlackElo "2706"]
[WhiteFideId "1116207"]
[BlackFideId "4147235"]
[EventDate "2021.05.24"]
[EventType "k.o."]

1. d4 e6 2. c4 Bb4+ 3. Nd2 c5 4. a3 Bxd2+ 5. Qxd2 cxd4 6. Qxd4 Nf6 7. Nf3 O-O 8.
b4 a5 9. b5 d6 10. Bg5 e5 11. Qd2 h6 12. Bh4 Be6 13. Rd1 Nbd7 14. Qxd6 g5 15.
Nxg5 hxg5 16. Bxg5 Ne4 17. Bxd8 Nxd6 18. Be7 Nxc4 19. Bxf8 Kxf8 20. Ra1 Nc5 21.
e3 Nb3 22. Ra2 Rc8 23. Be2 Nd6 24. Rb2 Rc1+ 25. Bd1 a4 26. b6 Ra1 27. O-O Nc4
28. Rc2 Nxb6 29. Be2 Rxa3 30. h4 Na5 31. Rc5 Nac4 32. h5 Kg7 33. g4 Ra2 34. Bd3
Nd2 35. g5 Nxf1 36. h6+ Kh8 37. g6 fxg6 38. Rxe5 Bf5 39. e4 Bh3 40. Re7 Rd2 41.
Bb5 a3 42. Be8 Rd6 43. Bf7 Rd7 44. Re8+ Kh7 45. Bb3 Nd2 46. e5 Nxb3 0-1

[Event "European Hybrid Qual 2021"]
[Site "Tornelo INT"]
[Date "2021.05.29"]
[Round "3.2"]
[White "Esipenko, Andrey"]
[Black "Shimanov, Aleksandr"]
[Result "1/2-1/2"]
[WhiteTitle "GM"]
[BlackTitle "GM"]
[WhiteElo "2701"]
[BlackElo "2597"]
[WhiteFideId "24175439"]
[BlackFideId "4198603"]
[EventDate "2021.05.24"]
[EventType "k.o."]

1. e4 e6 2. d4 d5 3. Nc3 Bb4 4. e5 c5 5. a3 Ba5 6. b4 cxd4 7. Nb5 Bc7 8. f4 Ne7
9. Nf3 Bd7 10. Nxc7+ Qxc7 11. Bd3 Ba4 12. Bb2 Nbc6 13. Nxd4 Qb6 14. Qd2 Na5 15.
Qf2 Nc4 16. Bc3 Rc8 17. O-O O-O 18. Qe1 Nc6 19. Qh4 h6 20. Qf2 Ne7 21. Qe1 Nc6
22. Qf2 Ne7 23. Qe1 1/2-1/2

[Event "European Hybrid Qual 2021"]
[Site "Tornelo INT"]
[Date "2021.05.29"]
[Round "3.3"]
[White "Esipenko, Andrey"]
[Black "Shimanov, Aleksandr"]
[Result "1/2-1/2"]
[WhiteTitle "GM"]
[BlackTitle "GM"]
[WhiteElo "2701"]
[BlackElo "2597"]
[WhiteFideId "24175439"]
[BlackFideId "4198603"]
[EventDate "2021.05.24"]
[EventType "k.o."]

1. e4 e6 2. d4 d5 3. Nc3 Bb4 4. e5 c5 5. a3 Bxc3+ 6. bxc3 Ne7 7. h4 Qc7 8. h5 h6
9. Rb1 b6 10. Qg4 cxd4 11. Qxg7 Rg8 12. Qxh6 Qxe5+ 13. Ne2 dxc3 14. Qf4 Qxf4 15.
Bxf4 Nbc6 16. Nxc3 e5 17. Bd2 Bf5 18. Rb2 f6 19. f3 Nd4 20. Nb5 Nxb5 21. Bxb5+
Kf7 22. Kf2 Rac8 23. Bd3 Bxd3 24. cxd3 Nf5 25. g4 Nd4 26. Rg1 Rc6 27. f4 exf4
28. Bxf4 Rc3 29. Ke3 Ne6 30. Bd6 Rc6 31. Bh2 Re8 32. Rf1 Kg7 33. Rff2 Rc3 34.
Kd2 Rxa3 35. Bd6 Ra4 36. Bb4 Ra1 37. Bc3 d4 38. Bb4 Rg1 39. Ra2 a5 40. Bd6 Rxg4
41. Rb2 Rg5 42. h6+ Kxh6 43. Rxb6 Kg6 44. Ba3 Rf5 45. Rg2+ Rg5 46. Rf2 Rf5 47.
Rg2+ Ng5 48. Bb2 Kf7 49. Rb7+ Re7 50. Rxe7+ Kxe7 51. Bxd4 Ne6 52. Bc3 Rd5 53.
Kc2 f5 54. Rh2 f4 55. Rh7+ Kd6 56. Ra7 f3 57. Rf7 Ng5 58. Rf4 Ke6 59. Bf6 Nh7
60. Bd4 Rf5 61. Rh4 Ng5 62. Bf2 Nf7 63. Kd2 Re5 64. Be3 Nd6 65. Rf4 Rf5 66. Ke1
Rxf4 67. Bxf4 Nb5 68. Kf2 Nd4 69. Bc1 a4 70. Bb2 Ke5 71. Ke3 Kd5 72. Kf2 Kc5 73.
Ke3 Kd5 74. Kf2 Nb5 75. Kxf3 a3 76. Bxa3 1/2-1/2

[Event "European Hybrid Qual 2021"]
[Site "Tornelo INT"]
[Date "2021.05.29"]
[Round "3.4"]
[White "Shimanov, Aleksandr"]
[Black "Esipenko, Andrey"]
[Result "1/2-1/2"]
[WhiteTitle "GM"]
[BlackTitle "GM"]
[WhiteElo "2597"]
[BlackElo "2701"]
[WhiteFideId "4198603"]
[BlackFideId "24175439"]
[EventDate "2021.05.24"]
[EventType "k.o."]

1. d4 Nf6 2. Nf3 d5 3. c4 e6 4. Nc3 h6 5. Bf4 dxc4 6. e3 Bd6 7. Bg3 O-O 8. Bxc4
Bxg3 9. hxg3 c5 10. dxc5 Qa5 11. O-O Qxc5 12. Qd4 Qxd4 13. Nxd4 Bd7 14. Rfd1 Nc6
15. Be2 Nxd4 16. Rxd4 Bc6 17. Rad1 Rfc8 18. Bf3 Kf8 19. Rd6 Bxf3 20. gxf3 Ke7
21. R6d4 Rc5 22. f4 g5 23. Kg2 Rac8 24. Rh1 h5 25. fxg5 Rxg5 26. Rhd1 Rf5 1/2-1/2

[Event "European Hybrid Qual 2021"]
[Site "Tornelo INT"]
[Date "2021.05.29"]
[Round "3.5"]
[White "Shimanov, Aleksandr"]
[Black "Esipenko, Andrey"]
[Result "0-1"]
[WhiteTitle "GM"]
[BlackTitle "GM"]
[WhiteElo "2597"]
[BlackElo "2701"]
[WhiteFideId "4198603"]
[BlackFideId "24175439"]
[EventDate "2021.05.24"]
[EventType "k.o."]

1. b3 e5 2. Bb2 Nc6 3. c4 g6 4. e3 Bg7 5. Nc3 Nge7 6. d3 d5 7. cxd5 Nxd5 8. a3
Be6 9. Qc2 Qe7 10. b4 Rd8 11. Nf3 a6 12. Be2 O-O 13. Ne4 h6 14. Nc5 Bc8 15. O-O
Kh7 16. Rfe1 f5 17. Bf1 Nf6 18. e4 fxe4 19. dxe4 Nd7 20. Nxa6 Rxf3 21. gxf3 Nd4
22. Bxd4 exd4 23. Nc5 Ne5 24. Qd1 Rf8 25. Bg2 Qg5 26. Kh1 Qh4 27. f4 Ng4 28. Kg1
Qxf2+ 29. Kh1 Qh4 30. Kg1 Qf2+ 0-1

[Event "European Hybrid Qual 2021"]
[Site "Tornelo INT"]
[Date "2021.05.28"]
[Round "3.1"]
[White "Krasenkow, Michal"]
[Black "Alekseenko, Kirill"]
[Result "1/2-1/2"]
[WhiteTitle "GM"]
[BlackTitle "GM"]
[WhiteElo "2597"]
[BlackElo "2699"]
[WhiteFideId "1113100"]
[BlackFideId "4135539"]
[EventDate "2021.05.24"]
[EventType "k.o."]

1. Nf3 d5 2. d4 Nf6 3. c4 e6 4. Nc3 dxc4 5. e4 b5 6. e5 Nd5 7. Nxb5 Nb6 8. Be2
Nc6 9. O-O Be7 10. Be3 Rb8 11. Qc2 O-O 12. Qe4 Nb4 13. Qg4 Kh8 14. Qh5 Qe8 15.
Na3 Ba6 16. Ng5 h6 17. Ne4 f5 18. exf6 Qxh5 19. Bxh5 gxf6 20. Bxh6 Rfd8 21. Nc5
Bxc5 22. dxc5 Na4 23. Rfe1 Nxc5 24. Be3 Ncd3 25. Red1 c5 26. Bf7 Nd5 27. Bxe6
Nxe3 28. fxe3 Nxb2 29. Rxd8+ Rxd8 30. Rc1 Re8 31. Bxc4 Rxe3 32. Nc2 Rc3 33. Bxa6
c4 34. Rf1 Rxc2 35. Rxf6 Nd3 36. h4 Kg7 37. Rc6 Ne5 38. Rc7+ Kf6 39. Bc8 Rxa2
40. h5 Kg5 41. Rc5 Kf4 42. Kh2 Rd2 43. Kh3 Rd6 44. Kh4 Ke4 45. Rc7 Kf4 46. g3+
Ke4 47. Bb7+ Kd4 48. g4 c3 49. Bc8 a5 50. Bf5 Nf3+ 51. Kg3 Ng5 52. Rg7 Ne4+ 53.
Bxe4 Kxe4 54. Rc7 Kd3 55. g5 a4 56. g6 a3 57. g7 a2 58. g8=Q a1=Q 59. Qc4+ Kc2
60. Qxc3+ Qxc3+ 61. Rxc3+ Kxc3 62. Kf4 Kd4 63. Kg5 Ke5 64. h6 Rxh6 65. Kxh6 1/2-1/2

[Event "European Hybrid Qual 2021"]
[Site "Tornelo INT"]
[Date "2021.05.29"]
[Round "3.2"]
[White "Alekseenko, Kirill"]
[Black "Krasenkow, Michal"]
[Result "0-1"]
[WhiteTitle "GM"]
[BlackTitle "GM"]
[WhiteElo "2699"]
[BlackElo "2597"]
[WhiteFideId "4135539"]
[BlackFideId "1113100"]
[EventDate "2021.05.24"]
[EventType "k.o."]

1. e4 c5 2. Nf3 Nc6 3. d4 cxd4 4. Nxd4 Nf6 5. Nc3 e5 6. Ndb5 d6 7. Nd5 Nxd5 8.
exd5 Nb8 9. b4 a6 10. Na3 a5 11. c3 Be7 12. Nb5 O-O 13. Be2 f5 14. O-O f4 15.
Bg4 Na6 16. bxa5 Nc7 17. a4 Nxb5 18. axb5 Rxa5 19. Rxa5 Qxa5 20. Bxc8 Rxc8 21.
Qg4 Qxc3 22. Bd2 Qc2 23. Qd7 Bf8 24. b6 f3 25. Qe6+ Kh8 26. gxf3 Qg6+ 27. Qxg6
hxg6 28. Bg5 Kg8 29. Ra1 Kf7 30. Ra7 Rb8 31. Kg2 Be7 32. h3 Bxg5 0-1

[Event "European Hybrid Qual 2021"]
[Site "Tornelo INT"]
[Date "2021.05.28"]
[Round "3.1"]
[White "Ibarra Jerez, Jose Carlos"]
[Black "Martinovic, Sasa"]
[Result "0-1"]
[WhiteTitle "GM"]
[BlackTitle "GM"]
[WhiteElo "2558"]
[BlackElo "2548"]
[WhiteFideId "2226332"]
[BlackFideId "14509792"]
[EventDate "2021.05.24"]
[EventType "k.o."]

1. Nf3 d5 2. b3 Bg4 3. Bb2 Nd7 4. e3 e6 5. h3 Bh5 6. d3 h6 7. Nbd2 Ngf6 8. g4
Bg6 9. Rg1 Bd6 10. h4 e5 11. h5 Bh7 12. g5 hxg5 13. Rxg5 Qe7 14. Rxg7 Nxh5 15.
Rg1 Bg6 16. Qe2 a5 17. a3 c6 18. Rh1 O-O-O 19. Nh4 Nf4 20. Nxg6 Nxg6 21. Rxh8
Rxh8 22. Qg4 Kc7 23. Be2 Rh4 24. Qg2 Rh6 25. c3 f5 26. Kd1 e4 27. Kc2 Nge5 28.
dxe4 fxe4 29. b4 Nd3 30. Rh1 axb4 31. axb4 Rh2 32. Qg1 Rxf2 33. Qd1 N7e5 34. Rf1
Rh2 35. Rf5 Qh7 36. Rh5 Rxh5 37. Bxh5 Qh6 38. Qe2 Be7 39. Bc1 Bg5 40. Nf1 Nc4
41. Bd2 Qh8 42. Qh2+ Kb6 43. Kd1 Bf6 44. Be2 Qa8 45. Bxd3 exd3 46. e4 Qa1+ 47.
Bc1 Bxc3 48. Qf2+ d4 0-1

[Event "European Hybrid Qual 2021"]
[Site "Tornelo INT"]
[Date "2021.05.29"]
[Round "3.2"]
[White "Martinovic, Sasa"]
[Black "Ibarra Jerez, Jose Carlos"]
[Result "0-1"]
[WhiteTitle "GM"]
[BlackTitle "GM"]
[WhiteElo "2548"]
[BlackElo "2558"]
[WhiteFideId "14509792"]
[BlackFideId "2226332"]
[EventDate "2021.05.24"]
[EventType "k.o."]

1. d4 Nf6 2. c4 c5 3. d5 g6 4. Nc3 Bg7 5. e4 d6 6. Nf3 O-O 7. h3 e6 8. Be2 e5 9.
g4 b5 10. cxb5 a6 11. b6 Nbd7 12. Be3 Nxb6 13. Nd2 Ne8 14. Rg1 Kh8 15. Qc2 Nc7
16. h4 f5 17. gxf5 gxf5 18. Bg5 Qe8 19. h5 Nb5 20. Nxb5 axb5 21. h6 Bf6 22. Qb3
Qe7 23. Bxf6+ Qxf6 24. Qxb5 Rb8 25. O-O-O fxe4 26. Bg4 Bxg4 27. Rxg4 Nxd5 28.
Qc4 Nb4 29. Nxe4 Qxh6+ 30. Ng5 d5 31. Rxd5 Nxd5 32. Qxd5 Rf5 33. f4 Rbf8 34. Ne6
exf4 35. Qe4 f3+ 36. Kc2 f2 37. Nxf8 Qxf8 0-1

[Event "European Hybrid Qual 2021"]
[Site "Tornelo INT"]
[Date "2021.05.29"]
[Round "3.3"]
[White "Martinovic, Sasa"]
[Black "Ibarra Jerez, Jose Carlos"]
[Result "1/2-1/2"]
[WhiteTitle "GM"]
[BlackTitle "GM"]
[WhiteElo "2548"]
[BlackElo "2558"]
[WhiteFideId "14509792"]
[BlackFideId "2226332"]
[EventDate "2021.05.24"]
[EventType "k.o."]

1. d4 d6 2. Nf3 g6 3. c4 Bg7 4. Nc3 e5 5. dxe5 dxe5 6. Qxd8+ Kxd8 7. g3 f6 8.
Bg2 c6 9. O-O Be6 10. b3 Kc7 11. Ba3 Nd7 12. Rfd1 Bf8 13. Bxf8 Rxf8 14. Ne4 Nh6
15. Rd2 Nf7 16. Rad1 Rd8 17. h3 Rhe8 18. g4 a5 19. e3 f5 20. Neg5 Nxg5 21. Nxg5
Bg8 22. gxf5 gxf5 23. h4 1/2-1/2

[Event "European Hybrid Qual 2021"]
[Site "Tornelo INT"]
[Date "2021.05.29"]
[Round "3.4"]
[White "Ibarra Jerez, Jose Carlos"]
[Black "Martinovic, Sasa"]
[Result "0-1"]
[WhiteTitle "GM"]
[BlackTitle "GM"]
[WhiteElo "2558"]
[BlackElo "2548"]
[WhiteFideId "2226332"]
[BlackFideId "14509792"]
[EventDate "2021.05.24"]
[EventType "k.o."]

1. e4 e6 2. d4 d5 3. Nd2 c5 4. Ngf3 cxd4 5. Nxd4 Nc6 6. Nxc6 bxc6 7. Bd3 Nf6 8.
O-O a5 9. Qe2 Be7 10. Re1 Qb6 11. e5 Nd7 12. c4 Ba6 13. Rb1 a4 14. Qg4 g6 15.
Bf1 h5 16. Qf4 g5 17. Qf3 g4 18. Qf4 Rg8 19. cxd5 cxd5 20. Bxa6 Qxa6 21. Nf1 Nc5
22. Qh6 Nd3 23. Rd1 h4 24. Qh7 Rg6 25. Be3 Rd8 26. b4 Qc4 27. Bc5 h3 28. Bxe7
Kxe7 29. Qh4+ Kd7 30. Qh7 Ke7 31. Qh4+ Kd7 32. Qh7 Rf8 33. Ne3 Qe4 34. Qh4 Nf4
35. Rb2 hxg2 36. Nxg4 Qf3 37. Ne3 Nh3+ 38. Qxh3 Qxh3 39. Nxd5 exd5 40. Rd3 Qxd3 0-1